| 000 | 00758nam a22002057a 4500 | ||
|---|---|---|---|
| 999 |
_c10105 _d10105 |
||
| 003 | AR-CdUCM | ||
| 008 | 190329b ||||| |||| 00| 0 spa d | ||
| 040 |
_aMUNICIPALIDAD PROVINCIAL DEL CUSCO _cBIBLIOTECA MUNICIPAL DEL CUSCO |
||
| 082 |
_a344.5107 / _bG17 / 1931 |
||
| 100 |
_aGajardo, Samuel _926762 |
||
| 245 | _aMedicina legal y psiquiatría forense / | ||
| 260 |
_aSantiago : _bNascimiento, _c1931. |
||
| 300 |
_a352 páginas ; _c23 cm. |
||
| 505 | _aContenido : Derecho civil -- De la concepción -- De la gestación o vida intrauterina -- Del nacimiento o principio de la existencia legal de las personas -- De sexo ... | ||
| 650 |
_aMedicina _93637 |
||
| 650 |
_aLegal _926763 |
||
| 650 |
_aDerecho _9739 |
||
| 942 |
_2ddc _cLIBROS |
||
| 945 | _arah | ||